000 00274nam a2200109Ia 4500
008 191201s2019 xx 000 0 und d
100 _aSINGH, Sadhu
245 0 _aFluid Machinery Hydraulic Machines
260 _bKhanna Publisher
_aNew Delhi
300 _a466
942 _2ddc
_cBK
999 _c8189
_d8189